| 000 | 01061 a2200289 4500 | ||
|---|---|---|---|
| 502 | _aThèse | ||
| 653 | 1 | _aSciences et Techniques de Production Animale | |
| 100 | _aOKE, S. Olawolé Serge | ||
| 041 | _bFr | ||
| 245 | _aEtude de l'anatomie du tube digestif et des contenus stomacaux du Francolin commun (Francolinus Bicalcaratus LINNAEUS, 1766) pour son élevage en captivité étroite | ||
| 300 | _aXV-136 p. | ||
| 650 | _aELEVAGE | ||
| 650 | _aANATOMIE | ||
| 650 | _aAPPAREIL DIGESTIF | ||
| 300 | _bill., graph., tabl., 29 cm. | ||
| 130 | _lFr | ||
| 710 | _a<Abomey-Calavi>, <Université d'Abomey-Calavi>, <FAculté des Sciences Agronomiques>, <UAC>, <BJ> | ||
| 040 | _aDoc. | ||
| 041 | _bFr | ||
| 041 | _bEn | ||
| 653 | 1 | _aSciences et Techniques de Production Animale | |
| 651 | _aBENIN | ||
| 520 | _aL'objectif de cette étude est de connaître l'anatomie du tube digestif des francolins commun ainsi que les contenus de leurs tractus digestifs. | ||
| 690 | _aFRANCOLINUS BICALCARATUS | ||
| 690 | _aFRANCOLIN COMMUN | ||
| 999 |
_c30545 _d30545 |
||